5 Steps to A 5: AP English Literature (Record no. 7454)

MARC details
000 -LEADER
fixed length control field 00509nam a22001937i 4500
003 - CONTROL NUMBER IDENTIFIER
control field URS
005 - DATE AND TIME OF LATEST TRANSACTION
control field 20220114152746.0
008 - FIXED-LENGTH DATA ELEMENTS--GENERAL INFORMATION
fixed length control field 200128b ||||| |||| 00| 0 eng d
020 ## - INTERNATIONAL STANDARD BOOK NUMBER
International Standard Book Number 9781260122541
040 ## - CATALOGING SOURCE
Language of cataloging eng
Description conventions rda
Transcribing agency DDC
082 ## - DEWEY DECIMAL CLASSIFICATION NUMBER
Classification number 820
Item number R15 2018
100 ## - MAIN ENTRY--PERSONAL NAME
Personal name Rankin, Estelle M.
245 ## - TITLE STATEMENT
Title 5 Steps to A 5: AP English Literature
336 ## - CONTENT TYPE
Content type term text
Content type code txt
Source rdacontent
337 ## - MEDIA TYPE
Media type term unmediated
Media type code n
Source rdamedia
338 ## - CARRIER TYPE
Carrier type term volume
Carrier type code nc
Source rdacarrier
300 ## - PHYSICAL DESCRIPTION
Extent xviii, 229 p;
Dimensions 28 cm.
942 ## - ADDED ENTRY ELEMENTS (KOHA)
Source of classification or shelving scheme Dewey Decimal Classification
Koha item type Foreign Books
Holdings
Withdrawn status Source of classification or shelving scheme Damaged status Not for loan Collection code Home library Current library Shelving location Date acquired Total Checkouts Full call number Barcode Date last seen Price effective from Koha item type
  Library of Congress Classification     Non-fiction Morong Graduate Library Morong Graduate Library   03/24/2025   PE66 .R167 2018 URSMOR-GL-5705 03/24/2025 03/24/2025 Reserved Books
  Dewey Decimal Classification     Non-fiction Pililla College Library Pililla College Library General Stacks 01/28/2020   820 R15 2018 URSPIL-6324 01/28/2020 01/28/2020 Foreign Books

University of Rizal System
Email us at univlibservices@urs.edu.ph

Visit our Website www.urs.edu.ph/library